Culture Générale - Série 536 - Statistiques

Statistiques générales
  • Ce quiz a été pris 222 fois
  • Le résultat moyen est 6 sur 10
Statistiques - réponses
Question Réponse % Correct
Dans les bals costumés, quel nom d'animal donne-t-on au masque couvrant le pourtour des yeux ? Loup
82%
Qui a demandé Estelle Denis en mariage après l'élimination de l'équipe de France à l'Euro 2008 ? Raymond Domenech
77%
Quelle cité Ulysse et ses alliés assiègent-ils dans le poème "L'Iliade" ? Troie
73%
Sous quel surnom est plus connu le footballeur Edson Arantes do Nascimento ? Pelé
68%
A quel mathématicien grec la table de multiplication est-elle attribuée ? Pythagore
63%
De quelle plante appelée aussi "dent-de-lion" peut-on manger les feuilles en salade ? pissenlit
59%
Quel chanteur se demande avec une chorale d'enfants combien on sera "en l'an 2001" ? Pierre Bachelet
57%
Qui est "le Moko" d'après le titre d'un film de Julien Duvivier de 1937 ? Pépé
45%
Avec les chiens, le chat et la tortue, quels animaux sont cités dans "Le Sud" chanté par Nino Ferrer en 1975 ? poissons rouges
42%
Par quel homme de guerre François 1er aurait-il été adoubé lors de la bataille de Marignan, en 1515 ? Bayard
26%
Aucun quiz correspondant
Distribution des résultats
% des personnes avec chaque résultat
Percentile par nombre de réponses
Votre historique - résultats
Vous n’avez pas pris ce quiz